Μαθηματα Επαγγελματικης Νομοθεσιας / Νοσηλευτικη: Β' Έκδοση (Συμπληρωμένη) (Record no. 4359)
[ view plain ]
| 000 -LEADER | |
|---|---|
| fixed length control field | 02072cam a22002054a 4500 |
| 005 - ΗΜΕΡΟΜΗΝΙΑ ΚΑΙ ΩΡΑ ΤΕΛΕΥΤΑΙΑΣ ΕΝΗΜΕΡΩΣΗΣ | |
| Πεδίο ελέγχου | 20250605164144.0 |
| 008 - FIXED-LENGTH DATA ELEMENTS--GENERAL INFORMATION | |
| Πεδίο ελέγχου σταθερού μήκους | 250528s ||||||||||||||||||||||||d |
| 035 ## - SYSTEM CONTROL NUMBER | |
| System control number | 19076 |
| 020 ## - ISBN | |
| ISBN | 9608517311 |
| 040 ## - ΠΗΓΗ ΚΑΤΑΛΟΓΟΓΡΑΦΗΣΗΣ | |
| Φορέας πρωτότυπης καταλογογράφησης | MC Athens Campus Library |
| Γλώσσα καταλογογράφησης | Ελληνικά, Μοντέρνα (1453-) |
| Modifying agency | MC Athens Campus Library |
| Κανόνες περιγραφικής καταλογογράφησης | AACR2 |
| 245 1# - ΤΙΤΛΟΣ ΚΑΙ ΔΗΛΩΣΗ ΥΠΕΥΘΥΝΟΤΗΤΑΣ | |
| Τίτλος | Μαθηματα Επαγγελματικης Νομοθεσιας / Νοσηλευτικη: Β' Έκδοση (Συμπληρωμένη) |
| 250 ## - EDITION STATEMENT | |
| Edition statement | 2η |
| 260 ## - PUBLICATION, DISTRIBUTION, ETC. | |
| Name of publisher, distributor, etc. | Αθήνα, |
| Date of publication, distribution, etc. | 1992 |
| 300 ## - PHYSICAL DESCRIPTION | |
| Extent | 136 |
| 520 ## - SUMMARY, ETC. | |
| Summary, etc. | Πρόλογος, Εισαγωγή, Ο Νοσηλευτής-Νοσοκόμος (Βοηθός) Πολίτης στο Κοινό Δίκαιο, Πηγές Δεοντολογίας του Νοσηλευτικού Επαγγέλματος, Ποινικός Κώδικας (Π.Κ.), Αμέλεια, Πραγματική Πλάνη, Εγκλήματα κατά της Ζωής, Σωματικές Βλάβες, Παραβίαση Απορρήτων, Εγκλήματα Σχετικά με την Υπηρεσία, Απαγόρευση Άσκησης Επαγγέλματος, Αστικός Κώδικας (Α.Κ.), Νομολογία, Πολιτική ή Αστική Δικονομία, Νομοθεσία Ασκήσεως του Ιατρικού Επαγγέλματος, Παράδοση, Επάγγελμα ''Νοσηλευτής'' - ''Νοσοκόμος'' Επαγγελματική Νομοθεσία (Ειδική), Νομοθεσία Επαγγελματική, Η Νοσηλευτική Φροντίδα και τα Όρια της, Κώδικας Άσκησης του Ιατρικού Επαγγέλματος, Επαγγελματικά Δικαιώματα Πτυχιούχων Νοσηλευτών Τ.Ε.Ι. (Νοσηλευτικές Πράξεις), Συνεργαζόμενοι Κλάδοι, Επισκέπτες-τριες Υγείας, Νοσηλευτής Υπάλληλος - Νομοθεσία των Υπηρεσιών, Επίλογος, Βιβλιογραφία. |
| 700 1# - ΠΡΟΣΘΕΤΗ ΑΝΑΓΡΑΦΗ--ΦΥΣΙΚΟ ΠΡΟΣΩΠΟ | |
| Personal name | Ρουσσου Χαρη Ν |
| 9 (RLIN) | 5336 |
| 942 ## - ADDED ENTRY ELEMENTS (KOHA) | |
| Koha item type | Books |
| Τύπος τεκμηρίου | Βιβλιοθήκη | Τρέχουσα τοποθεσία | Barcode | Αριθμός εισαγωγής | Ημερομηνία απόκτησης | Ταξιθετικό σύμβολο | Αριθμός αντιτύπου | Κατάσταση απόσυρσης | Κατάσταση χαμένου | Κατάσταση κατεστραμμένου | Μη δανεισμός | Σύνολο δανεισμών | Ημερομηνία τελευταίας εμφάνισης | Η τιμή ισχύει από |
|---|---|---|---|---|---|---|---|---|---|---|---|---|---|---|
| Books | MC Athens Campus Library | MC Athens Campus Library | 9780000043580 | 4014 | 05/06/2025 | 610.7/306 ROU | 1 | 05/06/2025 | 05/06/2025 |